Over 200 Premier League Goals and Assists Quiz Stats

 Plays Quiz Updated May 14, 2018

Challenge
Share
Tweet
Embed
Score 0/9 Timer 03:00
13 Plays Today
Combined (Goals + Assists) Player % Correct
324 (260G + 64A)Alan Shearer
95.5%
311 (208G + 103A)*Wayne Rooney
92.2%
249 (175G + 74A)Thierry Henry
88.2%
279 (177G + 102A)Frank Lampard
87.9%
212 (120G + 92A)Steven Gerrard
82.6%
271 (109G + 162A)Ryan Giggs
79.6%
260 (187G +73A)Andrew Cole
74.2%
202 (163G + 39A)Robbie Fowler
56.7%
222 (146G + 76A)Teddy Sheringham
52.9%

You're not logged in!

Compare scores with friends on all Sporcle quizzes.
Join for Free
OR
Log In

You Might Also Like...

Show Comments

Extras

Top Quizzes Today


Score Distribution

Your Account Isn't Verified!

In order to create a playlist on Sporcle, you need to verify the email address you used during registration. Go to your Sporcle Settings to finish the process.

Report this User

Report this user for behavior that violates our Community Guidelines.

Details: